| 000 | 00325nam a22001217a 4500 | ||
|---|---|---|---|
| 008 | 160518b xxu||||| |||| 00| 0 eng d | ||
| 020 | _a9780135153819 | ||
| 020 | _a9780135153819 | ||
| 041 | _aeng | ||
| 080 | _a618.2 | ||
| 245 |
_aChild health nursing: _cJane W. Ball RN ; Cpnp Drph; Ruth C. Bindler RNC PHD: |
||
| 942 |
_2udc _cBK |
||
| 999 |
_c2169 _d2169 |
||